[Event "GER-chT U10"]
[Site "Magdeburg"]
[Date "2018.12.29"]
[Round "6.3"]
[White "Elgeti, Jonas"]
[Black "Sharma, Aarush"]
[Result "1-0"]
[WhiteElo "1234"]
[BlackElo "1239"]
[PlyCount "187"]
[EventDate "2018.12.27"]
[EventType "team-swiss"]
[EventRounds "7"]
[EventCountry "GER"]
[SourceTitle "CBM 188 Extra"]
[Source "ChessBase"]
[SourceDate "2019.02.26"]
[SourceVersion "1"]
[SourceVersionDate "2019.02.26"]
[SourceQuality "1"]
[WhiteTeam "Bemerode"]
[BlackTeam "Duesseldorf SV"]
[WhiteTeamCountry "GER"]
[BlackTeamCountry "GER"]

1. d4 d5 2. c4 e6 3. Nc3 Nf6 4. Nf3 Be7 5. Bf4 0-0 6. e3 b6 7. Bd3 dxc4 8. Bxc4 Bb7 9. 0-0 c5 10. Ne5 Nbd7 11. Nxd7 Qxd7 12. dxc5 Qc6 13. f3 Bxc5 14. Bb5 Qc8 15. Kh1 h6 16. Qe2 Rd8 17. Rfd1 Rxd1+ 18. Rxd1 Nd5 19. Nxd5 Bxd5 20. Bc4 Bxc4 21. Qxc4 Qe8 22. b4 Be7 23. h3 Rc8 24. Qb3 Qb5 25. a3 Qe2 26. Qd3 Qf2 27. Qd2 Qxd2 28. Rxd2 Rc1+ 29. Kh2 Ra1 30. Rd7 Bf6 31. Rxa7 Bb2 32. a4 Bc3 33. b5 e5 34. Bg3 f6 35. e4 Bd4 36. h4 h5 37. Ra6 Bg1+ 38. Kh3 Bc5 39. Kh2 Bg1+ 40. Kh3 Bd4 41. Kh2 Kh7 42. Ra7 Kh6 43. Ra8 g6 44. Rh8+ Kg7 45. Ra8 g5 46. hxg5 fxg5 47. Kh3 Rh1+ 48. Bh2 Bg1 49. Ra7+ Kf6 50. Rc7 Bxh2 51. Rc6+ Ke7 52. g3 Bxg3+ 53. Kxg3 h4+ 54. Kg2 Ra1 55. Rxb6 Rxa4 56. Rg6 Ra2+ 57. Kh3 Rb2 58. Rxg5 Rxb5 59. Kxh4 Kf6 60. Kh5 Rb3 61. Rg6+ Kf7 62. Rg3 Kf6 63. Kg4 Ke6 64. Rh3 Kf6 65. Rh6+ Kg7 66. Re6 Kf7 67. Kf5 Rxf3+ 68. Kxe5 Rg3 69. Rf6+ Ke7 70. Rf5 Rg4 71. Kd5 Rh4 72. e5 Rh1 73. Rf6 Re1 74. Re6+ Kd7 75. Rd6+ Ke7 76. Rc6 Rd1+ 77. Ke4 Re1+ 78. Kf5 Rf1+ 79. Ke4 Re1+ 80. Kd5 Rd1+ 81. Ke4 Kd7 82. Rd6+ Ke7 83. Rxd1 Ke6 84. Rd6+ Ke7 85. Kf5 Kf7 86. Rd7+ Ke8 87. Ra7 Kd8 88. Ke6 Kc8 89. Rg7 Kd8 90. Rh7 Kc8 91. Kd6 Kb8 92. Kc6 Ka8 93. Kb6 Kb8 94. Rh8# 1-0

[Event "Hannover Bezirk-ch U10"]
[Site "Lehrte"]
[Date "2017.10.28"]
[Round "3.4"]
[White "Elgeti, Jonas"]
[Black "Kuhnke, Bennett"]
[Result "1-0"]
[WhiteElo "864"]
[BlackElo "796"]
[PlyCount "75"]
[EventDate "2017.10.28"]
[EventType "swiss"]
[EventRounds "11"]
[EventCountry "GER"]
[SourceTitle "EXT 2022"]
[Source "ChessBase"]
[SourceDate "2021.10.06"]
[SourceVersion "1"]
[SourceVersionDate "2021.10.06"]
[SourceQuality "1"]

1. d4 d5 2. Bf4 Nc6 3. Nc3 a6 4. Nf3 Bf5 5. e3 Nf6 6. Bd3 e6 7. a3 Bd6 8. 0-0 Bxf4 9. exf4 0-0 10. Bxf5 exf5 11. Re1 Qd6 12. Ne5 Rfe8 13. Qd3 Ng4 14. Rad1 Qh6 15. h3 Ngxe5 16. fxe5 Qf4 17. Nxd5 Qg5 18. Nxc7 Rac8 19. Nxe8 Rxe8 20. Re2 Re6 21. Rde1 Rg6 22. g3 Qh5 23. d5 Qxh3 24. dxc6 h6 25. c7 Rg5 26. Qf3 h5 27. Qg2 Qg4 28. f3 Qc4 29. f4 Rg6 30. e6 fxe6 31. Re3 Qxc7 32. Rxe6 Rg4 33. Re8+ Kh7 34. R1e5 Qd7 35. Rf8 g6 36. Rfe8 Qd1+ 37. Kh2 h4 38. R5e7+ 1-0

[Event "Hannover Bezirk-ch U10"]
[Site "Lehrte"]
[Date "2017.10.28"]
[Round "2.4"]
[White "Sass, Arved"]
[Black "Elgeti, Jonas"]
[Result "0-1"]
[WhiteElo "760"]
[BlackElo "864"]
[PlyCount "32"]
[EventDate "2017.10.28"]
[EventType "swiss"]
[EventRounds "11"]
[EventCountry "GER"]
[SourceTitle "EXT 2022"]
[Source "ChessBase"]
[SourceDate "2021.10.06"]
[SourceVersion "1"]
[SourceVersionDate "2021.10.06"]
[SourceQuality "1"]

1. e4 e5 2. Nf3 Nc6 3. Nc3 Nf6 4. d3 h6 5. Be2 Bc5 6. 0-0 d6 7. Nd2 Nd4 8. f3 Nxc2+ 9. d4 Bxd4+ 10. Kh1 Nxa1 11. Nd5 Be6 12. Nxf6+ Qxf6 13. Qa4+ Bd7 14. Qb4 Rb8 15. Nc4 0-0 16. h4 Qxh4# 0-1